| 000 | 00695nam a2200217Ii 4500 | ||
|---|---|---|---|
| 003 | JO-AjNU | ||
| 008 | 230605s9999||||xx |||||||||||||| ||und|| | ||
| 017 | _a1984/2222 | ||
| 020 | _a977-01-305-5 | ||
| 040 |
_aJO-AjNU _bara _erda _cJO-AjNU |
||
| 041 | _aara | ||
| 050 | 1 | 4 | _aGN357.A79 1984 |
| 100 | 3 |
_aأسعد، يوسف ميخلئيل, _eauthor _935100 |
|
| 245 | 0 | 0 | _aالثقافة ومستقبل الشباب |
| 264 | 3 | 1 | _a القاهرة: الهيئة المصرية العامة للكتاب، 1984 |
| 300 | _a269ص | ||
| 336 |
_atext _btxt _2rdacontent |
||
| 337 |
_aunmediated _bn _2rdamedia |
||
| 338 |
_avolume _bnc _2rdacarrier |
||
| 650 | 4 |
_aالشباب-الثقافة _935101 |
|
| 999 |
_aA14457 _c18025 _d18025 |
||